Dopasuj stolice do flagi - Statystyki

Ogólne statystyki
  • Ten quiz został rozwiązany 10 razy
  • Średni wynik to 7 z 16
Statystyki odpowiedzi
Obrazkowy Odpowiedź % Poprawnych
Berlin
80%
Paryż
80%
Warszawa
80%
Lizbona
70%
Budapeszt
60%
Buenos Aires
60%
Rabat
40%
Rijad
40%
Dakar
30%
Islamabad
30%
Kingston
30%
Luanda
30%
Damaszek
20%
Phnom Penh
20%
Lome
10%
Yaren
10%
Nie znaleziono quizów pasujących do podanych kryteriów
Rozkład punktacji
Procent ludzi z każdym wynikiem
Percentyl według liczby udzielonych odpowiedzi
Twoja historia wyników
Nie rozwiązałeś tego quizu